Estadísticas para Países que no Tienen Relaciones Exteriores con Estados Unidos

Haz click aquí para intentar la prueba.

Estadísticas generales

  • Esta prueba ha sido intentada 168 veces
  • La puntuación promedio es 3 de 5

Estadísticas de respuestas

País% Correcto
Corea del Norte
93%
Irán
82%
Siria
59%
Taiwán
27%
Bután
24%

Distribución de puntuación

Porcentaje por número respondido

Porcentaje de gente con cada puntuación

Historial de tus puntuaciones

No has intentado esta prueba.